| 000 | 00610nam a22001817a 4500 | ||
|---|---|---|---|
| 005 | 20260416124402.0 | ||
| 008 | 260416b |||||||| |||| 00| 0 eng d | ||
| 020 | _a978 -81- 203 - 3614-8 | ||
| 050 | _aHD 30.213 .M64 2009 | ||
| 100 | _aMOHAPATRA, SANJAY | ||
| 245 | _aCASSES IN MANAGEMENT INFORMATION SYSTEMS | ||
| 250 | _a3RD | ||
| 260 |
_aNEW DELHI _bPHI LEARNING PRIVATE LIMITED _c2009 |
||
| 300 | _axiii,250p. ill | ||
| 500 | _aincludes bibliographical references | ||
| 650 | _a1. management information system - case studies 2. information technology management - case studies | ||
| 942 |
_2lcc _cBK |
||
| 999 |
_c216988 _d216988 |
||